Sueldos y salarios Personas fs̕icas. Gua̕ prc̀tica /

Bibliographic Details
Main Author: Přez Chv̀ez, Još
Other Authors: Fol Olguin, Raymundo
Format: eBook
Language:Spanish
Published: Mx̌ico, D.F.: Tax Editores, 2012
Subjects:
Online Access:Acceso restringido

MARC

LEADER 00000nam a22000007a 4500
005 20120906173724.0
007 cr|||| ||||
008 120906s2012 mx |||||s|||| 00||0 spa d
020 |a 978-607-440-345-9 
035 |a 6650 
040 |a vLex 
090 |c 3388  |d 3388 
100 1 |a Přez Chv̀ez, Još 
245 1 0 |a Sueldos y salarios  |h [Recurso electrn̤ico] :  |b  Personas fs̕icas. Gua̕ prc̀tica /  |c Jos ̌Přez Chv̀ez, Raymundo Fol Olguin  
256 |a Servicio en ln̕ea 
260 |a Mx̌ico, D.F.:  |b Tax Editores,  |c 2012 
300 |a 1 recurso electrn̤ico 
506 1 |a Contenido solo disponŁble en los productos indicados  |d vLex Global   |d vLex Global (Academic Edition, excluding Law Schools)   |d vLex Global (U.S. Academic Edition, Law Schools)   |d vLex Global (U.S. Academic Edition, excluding Law Schools)   |d vLex Global (Academic Edition, Law Schools)  
650 0 4 |a Salarios  |z Mx̌ico 
700 1 |a Fol Olguin, Raymundo 
740 0 |a vLex Libros (Servicio en ln̕ea) 
856 4 0 |u http://vlex.com/source/sueldos-salarios-personas-fisicas-guia-practica-6650  |z Acceso restringido 
942 |c BOOK 
999 0 |a Wages